|
|
|
|
| LEADER |
00000cam a2200000 a 4500 |
| 001 |
105711 |
| 003 |
Ucuenca |
| 005 |
20230808145303.0 |
| 008 |
007101|2006 ck |||||r|||||||||||spa|| |
| 020 |
|
|
|a 9879418735
|
| 040 |
|
|
|b spa
|
| 041 |
0 |
|
|a spa
|
| 082 |
0 |
|
|a 371.33
|
| 100 |
1 |
|
|a Falieres, Nancy E.
|9 60579
|
| 245 |
|
|
|a Cómo enseñar con las nuevas tecnologías en la escuela de hoy:
|b para docentes de la enseñanza básica
|c Nancy E. Falieres
|h imp
|
| 264 |
|
|
|a Buenos Aires
|b Círculo Latino Austral
|c 2006
|
| 300 |
|
|
|a 384 páginas:
|b ilu
|c 28.5 cm
|e Incluye CD
|
| 500 |
|
|
|a Contiene ISBN 987-9418-70-0 del CD
|
| 504 |
|
|
|a incl. ref.
|
| 520 |
3 |
|
|a Contiene: El cóctel tecnológico. La tecnología en la sociedad. El campo de la tecnología educativa. Tecnología y cognición. Educación y medios de comunicación. Imágenes de radio. Las imágenes en la escuela. La sociedad de la información. Desenredando la red. Tecnologías en el aula.
|
| 650 |
|
0 |
|a Enseñanza
|9 188
|
| 650 |
|
7 |
|a Tecnología educativa
|9 8841
|
| 650 |
|
0 |
|a Rincones ludicos
|9 165753
|
| 650 |
|
|
|a Internet educacion
|9 52568
|
| 650 |
|
0 |
|a Web educacion
|9 60581
|
| 650 |
|
|
|a Juegos informaticos
|9 60582
|
| 650 |
|
|
|a Didactica materiales
|9 60583
|
| 852 |
|
|
|a UC-CDJBV
|f Compra
|l 1
|m General
|p 20071018
|q 39,90
|r 2
|t 105711
|y 263357
|b 0
|d CDRC
|e CDRC
|g 371.33 PRIMER PISO
|z 2007-71-01
|
| 942 |
|
|
|c BK
|0 1
|
| 999 |
|
|
|c 35437
|d 35437
|